La declaración de inconstitucionalidad de oficio

-д хадгалсан:
Номзүйн дэлгэрэнгүй
Үндсэн зохиолч: Lozano, Luis F. (autor)
Формат: Ном
Хэл сонгох:испани
Хэвлэсэн: Buenos Aires AD-HOC 2004
Хэвлэл:1a. ed
Цуврал:Estudios de Derecho Procesal Constitucional, 3
Нөхцлүүд:
Шошгууд: Шошго нэмэх
Шошго байхгүй, Энэхүү баримтыг шошголох эхний хүн болох!

MARC

LEADER 00000nam a2200000 a 4500
001 UCK3537
003 CL-VaPUC
008 050429e20040000AG |||||||||||||||||spa|d
020 |a 9508944706 
082 0 4 |a 342.82  |b LOZ  |2 21 
100 |a Lozano, Luis F.  |e autor  |9 491610 
245 1 3 |a La declaración de inconstitucionalidad de oficio 
250 |a 1a. ed 
300 |a 192 p 
942 |c BK 
945 |d 20050429 00:00:00  |a cmena 
260 |a Buenos Aires  |b AD-HOC  |c 2004 
650 7 |a DERECHO CONSTITUCIONAL ARGENTINO  |2 CL-VaPUC  |9 435700 
650 0 |a Ordenamiento jurídico   |9 355371 
650 0 |a Jurisprudencia  |9 255952 
650 0 |a Sentencias  |9 256250 
650 0 |a Derecho comparado  |9 255664 
583 |a last modification  |c 20050429 00:00:00  |k Rodrigo Vera 
490 0 |a Estudios de Derecho Procesal Constitucional, 3 
999 |c 312672  |d 312670 
952 |0 0  |1 0  |4 0  |6 342_820000000000000_LOZ_2004  |7 0  |8 A  |9 383297  |a BIBDER  |b BIBDER  |d 2019-11-21  |i 411261K  |o 342.82 LOZ 2004  |p 411261K  |r 2023-01-25  |w 2019-11-21  |y BK  |k DER